Quiz on Animals : (Record no. 597652)

MARC details
000 -LEADER
fixed length control field 00422nam a2200181 a 4500
001 - CONTROL NUMBER
control field 1763190200957
003 - CONTROL NUMBER IDENTIFIER
control field ACL
005 - DATE AND TIME OF LATEST TRANSACTION
control field 20251115130430.0
008 - FIXED-LENGTH DATA ELEMENTS--GENERAL INFORMATION
fixed length control field 251115s2009##################000#0#eng##
020 ## - INTERNATIONAL STANDARD BOOK NUMBER
International Standard Book Number 9788189012861
082 04 - DEWEY DECIMAL CLASSIFICATION NUMBER
Classification number 591.076
Item number VIJ
040 ## - CATALOGING SOURCE
Original cataloging agency ACL
Language of cataloging eng
Transcribing agency ACL
100 1# - MAIN ENTRY--PERSONAL NAME
Personal name Iyer, Vijayalakshmi,
Relator term author.
245 10 - TITLE STATEMENT
Title Quiz on Animals :
260 ## - PUBLICATION, DISTRIBUTION, ETC.
Date of publication, distribution, etc. 2009.
300 ## - PHYSICAL DESCRIPTION
Extent 158 pages
942 ## - ADDED ENTRY ELEMENTS (KOHA)
Koha item type English Books
Holdings
Withdrawn status Lost status Damaged status Not for loan Home library Current library Shelving location Date acquired Total Checkouts Full call number Barcode Date last seen Price effective from Koha item type
        Anna Centenary Library Anna Centenary Library COMPETITIVE SECTION - SEVENTH FLOOR 15.11.2025   591.076 VIJ G012196 15.11.2025 15.11.2025 English Books

Find us on the map